000 00432nam a2200217Ia 4500
003 IT-RoPAU
008 120407s9999 xx 000 0 und d
040 _aIT-RoPAU
040 _cIT-RoPAU
041 _aita
100 _aGiulio Andreotti
245 _aI Minibigami.
250 _aMilano
260 _aRizzoli
260 _c1971
300 _a145 p.
300 _c20.5 cm
490 _v1
942 _cBK
999 _c25814
_d25814